Bài tập kiểm toán
Sách cung cấp các bài tập theo chủ đề của chương, được phân thành 3 loại: câu hỏi trắc nghiệm, câu hỏi lý thuyết (ôn tập) và bài tập. Bên cạch các bài tập có lới giải còn có những bài không có đáp án nhằm giúp bạn đọc tự nghiên cứu, h...
Đã lưu trong:
| Formáid: | Leabhar |
|---|---|
| Teanga: | Undetermined |
| Foilsithe: |
Hà Nội
Lao động - Xã hội
2008
|
| Ábhair: | |
| Clibeanna: |
Cuir Clib Leis
Gan Chlibeanna, Bí ar an gcéad duine leis an taifead seo a chlibeáil!
|
| Thư viện lưu trữ: | Trung tâm Học liệu Trường Đại học Cần Thơ |
|---|
| LEADER | 00907nam a2200193Ia 4500 | ||
|---|---|---|---|
| 001 | CTU_140196 | ||
| 008 | 210402s9999 xx 000 0 und d | ||
| 020 | |c 54000 | ||
| 082 | |a 657.45 | ||
| 082 | |b B103 | ||
| 245 | 0 | |a Bài tập kiểm toán | |
| 245 | 0 | |c Tác giả tập thể | |
| 260 | |a Hà Nội | ||
| 260 | |b Lao động - Xã hội | ||
| 260 | |c 2008 | ||
| 520 | |a Sách cung cấp các bài tập theo chủ đề của chương, được phân thành 3 loại: câu hỏi trắc nghiệm, câu hỏi lý thuyết (ôn tập) và bài tập. Bên cạch các bài tập có lới giải còn có những bài không có đáp án nhằm giúp bạn đọc tự nghiên cứu, học tập. | ||
| 650 | |a Auditing,Kiểm toán | ||
| 904 | |i Trọng Hải | ||
| 980 | |a Trung tâm Học liệu Trường Đại học Cần Thơ | ||